Globalisetion and liberatisation (Record no. 3073)

MARC details
000 -LEADER
fixed length control field 00406nam a22001697a 4500
005 - DATE AND TIME OF LATEST TRANSACTION
control field 20160618115324.0
008 - FIXED-LENGTH DATA ELEMENTS--GENERAL INFORMATION
fixed length control field 160618b xxu||||| |||| 00| 0 eng d
020 ## - INTERNATIONAL STANDARD BOOK NUMBER
ISBN 81-7629-112-9
041 ## - LANGUAGE CODE
Language code of text/sound track or separate title eng
082 ## - DEWEY DECIMAL CLASSIFICATION NUMBER
Item number 8106
100 ## - MAIN ENTRY--AUTHOR NAME
Personal name Batra, G.S and Dangwal R.C.
245 ## - TITLE STATEMENT
Title Globalisetion and liberatisation
260 ## - PUBLICATION, DISTRIBUTION, ETC. (IMPRINT)
Name of publisher Deep and Deep
300 ## - PHYSICAL DESCRIPTION
Number of Pages 236
650 ## - SUBJECT ADDED ENTRY--TOPICAL TERM
Topical Term Management
942 ## - ADDED ENTRY ELEMENTS (KOHA)
Koha item type Books
Holdings
Lost status Damaged status Collection code Home library Current library Shelving location Date acquired Cost, normal purchase price Full call number Accession Number Koha item type
    MANAGEMENT JRU Library JRU Library SHELF-71-D 18/06/2016 180.00 8106 8106 Books